Always inventing : (Record no. 9761)

MARC details
000 -LEADER
fixed length control field 01161nam a22002777a 4500
001 - CONTROL NUMBER
control field 9761
003 - CONTROL NUMBER IDENTIFIER
control field FISKH
005 - DATE AND TIME OF LATEST TRANSACTION
control field 20260209140944.0
008 - FIXED-LENGTH DATA ELEMENTS--GENERAL INFORMATION
fixed length control field 260209b cb ||||| |||| 00| 0 eng d
020 ## - INTERNATIONAL STANDARD BOOK NUMBER
International Standard Book Number 9780792259329
040 ## - CATALOGING SOURCE
Original cataloging agency FISKH
Language of cataloging eng
Transcribing agency FISKH
Modifying agency FISKH
050 ## - LIBRARY OF CONGRESS CALL NUMBER
Classification number TK6143 .B4 .M37
082 ## - DEWEY DECIMAL CLASSIFICATION NUMBER
Classification number 621.385
100 ## - MAIN ENTRY--PERSONAL NAME
Personal name Matthews ,Tom L.
245 ## - TITLE STATEMENT
Title Always inventing :
Remainder of title A photobiography of Alexander Graham Bell /
Statement of responsibility, etc. By Tom L. Matthews
250 ## - EDITION STATEMENT
Edition statement First paperback printing 2006
260 ## - PUBLICATION, DISTRIBUTION, ETC.
Place of publication, distribution, etc. Washington , DC. :
Name of publisher, distributor, etc. National Geographic Society ,
Date of publication, distribution, etc. 2006 .
300 ## - PHYSICAL DESCRIPTION
Extent 64 pages :
Other physical details color illustrations ;
Dimensions 24 cm .
490 ## - SERIES STATEMENT
Series statement Photobiographies
520 ## - SUMMARY, ETC.
Summary, etc. A biography, with photographs and quotes from Bell himself, which follows this well known inventor from his childhood in Scotland through his life-long efforts to come up with ideas that would improve people's lives.
650 ## - SUBJECT ADDED ENTRY--TOPICAL TERM
Topical term or geographic name entry element Bell , Alexander Graham ,1847-1922
Form subdivision Juvenile Literature
650 ## - SUBJECT ADDED ENTRY--TOPICAL TERM
Topical term or geographic name entry element Bell , Alexander Graham ,1847-1922- Portraits
Form subdivision Juvenile Literature
650 ## - SUBJECT ADDED ENTRY--TOPICAL TERM
Topical term or geographic name entry element Inventors- United States - Biography
Form subdivision Juvenile Literature
942 ## - ADDED ENTRY ELEMENTS (KOHA)
Source of classification or shelving scheme Dewey Decimal Classification
Koha item type Books
Suppress in OPAC No
Holdings
Withdrawn status Lost status Source of classification or shelving scheme Damaged status Not for loan Collection Home library Current library Shelving location Date acquired Total Checkouts Full call number Barcode Date last seen Price effective from Koha item type
    Dewey Decimal Classification     Non-Fiction Footprints International School Library Network Toul Tom Poung Campus Footprints International School Library Network Toul Tom Poung Campus TTP Secondary Non-Fiction Bookshelves 02/09/2026   MAT 621.385 TK6143 .B4 .M37 2026-0256 02/09/2026 02/09/2026 Books